Hearing impairments in young children /

Bibliographic Details
Main Author: Boothroyd, Arthur
Format: Book
Language:English
Published: Englewood Cliffs, N.J. : Prentice-Hall, [1982]
Series:Remediation of communication disorders.
Subjects:

MARC

Tag First Indicator Second Indicator Subfields
LEADER 00000pam a2200000 a 4500
001 in00000084086
005 20151008055648.0
008 810522s1982 njua b 00110 eng
010 |a  81005915  
020 |a 0133847012 
020 |z 0135494281 
035 |a (OCoLC)07574308 
035 |9 AAJ4049AM 
039 0 |a 2  |b 3  |c 3  |d 3  |e 3 
040 |a DLC  |c DLC  |d TXA  |d UtOrBLW 
049 |a TXAM  |c [951958] 
050 0 0 |a RF291.5.C45  |b B66 
060 0 |a WV 271 B725h 
082 0 |a 618.92/09789  |2 19 
100 1 |a Boothroyd, Arthur. 
245 1 0 |a Hearing impairments in young children /  |c Arthur Boothroyd. 
264 1 |a Englewood Cliffs, N.J. :  |b Prentice-Hall,  |c [1982] 
264 4 |c ©1982 
300 |a xvi, 239 pages :  |b illustrations ;  |c 24 cm. 
336 |a text  |b txt  |2 rdacontent 
337 |a unmediated  |b n  |2 rdamedia 
338 |a volume  |b nc  |2 rdacarrier 
490 1 |a Remediation of communication disorders series 
500 |a Includes index. 
504 |a Bibliography: pages 226-229. 
650 0 |a Hearing disorders in children. 
650 0 |a Deaf children  |x Rehabilitation. 
650 0 |a Deafness in children. 
650 2 |a Hearing Disorders  |x In infancy and childhood. 
650 2 |a Hearing Disorders  |x therapy. 
830 0 |a Remediation of communication disorders. 
999 |a MARS 
999 f f |s f13ad19c-4007-3ec6-842f-7fcddc70de3f  |i 1412baeb-72b0-3e50-a88b-789f02346a94  |t 0 
952 f f |p ric  |a Texas A&M University  |b Rellis Campus  |c Joint Library Facility  |d Remote Storage  |t 0  |e RF291.5.C45 B66  |h Library of Congress classification  |i unmediated -- volume  |m A14824019078 
998 f f |a RF291.5.C45 B66  |t 0  |l Remote Storage